|
|
|
|
| LEADER |
00000nab a2200000 a 4500 |
| 001 |
vtls009505689 |
| 003 |
SK-MaSNL |
| 005 |
20260305042844.0 |
| 008 |
090506 2009 xo d 000 0 slo |
| 038 |
|
|
|a TNKJF
|
| 040 |
|
|
|a TNKJF
|b slo
|c TNKJF
|e AACR2
|
| 041 |
0 |
|
|a slo
|
| 044 |
|
|
|a xo
|c SK
|
| 080 |
|
|
|a 725.74:615.838
|x (437.612.427)
|2 2001
|
| 080 |
|
|
|a 352
|x (437.612.427)
|2 2001
|
| 100 |
1 |
|
|a Kukučka, Martin
|4 aut
|9 362742
|
| 245 |
1 |
0 |
|a Mesto chce kúpiť termálne kúpalisko
|b piešťanskú Evu otvoria aj túto sezónu
|c Martin Kukučka
|
| 300 |
|
|
|b Fotogr.
|
| 610 |
2 |
7 |
|a Eva (kúpalisko : Piešťany, Slovensko)
|2 tnkjf
|9 1192501
|
| 650 |
0 |
7 |
|a termálne kúpaliská
|2 tnkjf
|9 4389
|
| 651 |
|
7 |
|a Piešťany (Slovensko)
|2 tnkjf
|9 23981
|
| 773 |
0 |
|
|t Plus jeden deň
|g Roč. 4, č. 103 (6.5.2009), s. 8
|x 1336-9776
|
| 852 |
|
|
|a TNKJF
|b KIS3GCP
|
| 999 |
|
|
|c 3351395
|d 3353325
|